02672nam a2200385 a 4500001001200000003000800012006001900020007001500039008004100054010001700095020003600112020003500148040002100183035002000204050002300224082001200247110008400259245013700343260005300480300002200533500018300555504005100738505089000789533015201679650005201831650004001883650004101923650004901964650004402013655002902057700003802086710001702124856012602141999001902267ebr10137807CaPaEBRm u cr cn|||||||||050222s2005 inua sb 101 0 eng  z 2005004481 z0253346282 (cloth : alk. paper) z0253217830 (pbk. : alk. paper) aCaPaEBRcCaPaEBR a(OCoLC)7131699514aGT525b.A46 2000eb04a3912222 aAmerican Anthropological Association.bMeetingd(2000 :cSan Francisco, Calif.)10aDirt, undress, and differenceh[electronic resource] :bcritical perspectives on the body's surface /cedited by Adeline Masquelier. aBloomington :bIndiana University Press,cc2005. ax, 264 p. :bill. aPapers originally presented at a panel entitled "The Politics of Dirt and Nudity in Africa" held at the 2000 American Anthropological Association Annual Meeting in San Francisco. aIncludes bibliographical references and index.0 aDirt, undress, and difference : an introduction / Adeline Masquelier -- The naked and the nude : historically multiple meanings of oto (undress) in southeastern Nigeria / Misty L. Bastian -- Breasts, (un)dress, and, modernist desires in the Balinese-tourist encounter / Margaret Wiener -- Body talk : revelations of self and body in contemporary strip clubs / Katherine Frank -- The naked spirit : disrobing, deviance, and dissent in Bori possession / Adeline Masquelier -- Japanese bodies and Western ways of seeing in the late nineteenth century / Satsuki Kawano -- Purity and conquest in the Anglo-Egyptian Sudan / Janice Boddy -- Did you bathe this morning? : baths and morality in Botswana / Deborah Durham -- The politics of dirt and gender : body techniques in Bengali India / Sarah Lamb -- Corrupted alterities : body politics in the time of the Iranian diaspora / Janet Bauer. aElectronic reproduction.bPalo Alto, Calif. :cebrary,d2013.nAvailable via World Wide Web.nAccess may be limited to ebrary affiliated libraries. 0aClothing and dressxSocial aspectsvCongresses. 0aNudityxSocial aspectsvCongresses. 0aHygienexSocial aspectsvCongresses. 0aBathing customsxSocial aspectsvCongresses. 0aHuman bodyxSocial aspectsvCongresses. 7aElectronic books.2local1 aMasquelier, Adeline Marie,d1960-2 aebrary, Inc.40uhttp://site.ebrary.com/lib/rucke/Doc?id=10137807zAn electronic book accessible through the World Wide Web; click to view c186275d186275